Les Religions Arabes preislamiques /

محفوظ في:

المؤلف الرئيسي: Ryckmans, G. 1887-1969 (مؤلف)

التنسيق: كتاب

اللغة: French

منشور في: Louvain : Universitaires, 1951.

الطبعة: 2nd. ed.

سلاسل: Bibliothèque du Muséon ; 26.

الموضوعات:

الوسوم: إضافة وسم

لا توجد وسوم, كن أول من يضع وسما على هذه التسجيلة!

رقم الطلب: BL1685 .R86 1951

LEADER 00713namaa2200241 4500
001 7447
003 OSt
005 20250227124522.0
008 130303s1951 be a 000 0 fre d
040 |c ARCE Library 
050 4 |a BL1685 .R86 1951 
100 1 |a Ryckmans, G.  |q (Gonzague),  |d 1887-1969,  |e author 
245 1 4 |a Les Religions Arabes preislamiques /  |c G. Ryckmans. 
250 |a 2nd. ed. 
264 1 |a Louvain :  |b Universitaires,  |c 1951. 
300 |a 64 pages :  |b illustrations ;  |c 25 cm. 
490 1 |a Bibliotheque de Muséon ;   |v 26. 
650 0 |a Arabian Peninsula  |x Religion. 
650 0 |a Sabaeans  |x Religion. 
830 0 |a Bibliothèque du Muséon ;   |v 26. 
901 |a reviewed 
942 |c BK  |2 lcc 
999 |c 9063  |d 9063